000 00643nam a22002297a 4500
001 sjds170153
003 sjds
005 20170720140050.0
008 170720b nyu||||| |||| 00| 0 spa d
020 _a0439226465 (pbk.)
020 _a9780439226462 (pbk.)
040 _csjds
041 _aspa
100 1 _aWilhelm, Hans
245 _aSe me cayó un diente! /
_cpor Hans Wilhelm
260 _aNew York :
_bScholastic,
_cc2001.
300 _a1 volume (unpaged) :
_bcolor illustrations ;
_c23 cm.
490 _aHello reader!, Level 1
_vLevel 1
490 _aHola, lector!
_vNivel 1
526 _aHola, lector!
_cNivel 1
942 _cBK
999 _c18606
_d18606